Básnik a publicista Štefan Balák sa zamyslel nad súťažou po svojom

Bibliographic Details
Main Author: Balák, Štefan, 1944-2014 (Author)
Format: Article
Language:Slovak
ISSN:1210-2210
Subjects:

MARC

LEADER 00000nab a2200000 a 4500
001 vtls010085200
003 SK-MaSNL
005 20260304184041.0
008 250708c2009 xo |||||| | ||00 b|slo
015 |a SNBRB2010/04  |2 snkbucl 
035 |a (uuid)e25754eb-374c-43d3-8e46-b38ddbfdeffd 
035 |a urn:nbn:sk:snk-abc5t9 
035 |a (urnnbn)urn:nbn:sk:snk:ar-003te8 
038 |a SNKBUCL 
040 |a SNKBUCL  |b slo  |c SNKBUCL  |e AACR2 
041 0 |a slo 
044 |a xo  |c SK 
080 |a 82:061.7:06.063:821.162.4  |2 2001 
080 |a 82:06.063  |2 2001 
080 |a 821.162.4-1:061.7  |2 2001 
100 1 |a Balák, Štefan,  |d 1944-2014  |4 aut  |9 102338 
245 1 0 |a Básnik a publicista Štefan Balák sa zamyslel nad súťažou po svojom  |c Štefan Balák 
500 |a Pod spoločným názvom Tri cesty, tri návraty- 
611 2 7 |a Cena Rudolfa Fabryho  |n (1. :  |d 2009)  |2 snkbucl  |9 1253426 
650 0 7 |a autorské súťaže  |2 snkbucl  |9 1268751 
650 0 7 |a literárne súťaže  |2 snkbucl  |9 4275 
650 0 7 |a slovenská literatúra  |2 snkbucl  |9 1115 
650 0 7 |a juvenilná literatúra  |2 snkbucl  |9 75722 
650 0 7 |a slovenská poézia  |2 snkbucl  |9 215422 
651 7 |a Budmerice (Slovensko)  |2 snkbucl  |9 57153 
773 0 |t Dotyky  |g Roč. XXI, č. 4-5 (2009), s. 16-17  |x 1210-2210 
850 |a Slovenská národná knižnica 
852 |a Slovenská národná knižnica 
958 |a article15 
958 |a OND 
958 |a LX 
958 |a EUIPO 
999 |c 3036639  |d 3038569